Entrenamiento profesional en el Consorcio Regional de Experimentación Agrícola (CREA) Lamadrid /

Guardado en:
Autor Principal: Velez, Juan Ignacio.
Autor Corporativo: Universidad Nacional del Sur. Departamento de Agronomía.
Otros Autores: Pellegrini, Cecilia N., (tutor.)
Formato: Libro
Idioma:Spanish
Publicado: Bahía Blanca, 2021.
Materias:
Acceso en línea:Acceso a texto completo
Etiquetas: Agregar Etiqueta
Sin Etiquetas, Sea el primero en etiquetar este registro!
LEADER 01248nam a22002655a 4500
001 EEA.libagro011339
008 210923s2021####ag#a##########000#0#spa#d
005 20211019094642.0
245 1 0 |a Entrenamiento profesional en el Consorcio Regional de Experimentación Agrícola (CREA) Lamadrid /  |c Juan Ignacio Velez. 
260 |a Bahía Blanca,  |c 2021. 
300 |a 53 h. :  |b il. col., fot. col. ;  |c 30 cm. 
500 |a Trabajo de intensificación (Ingeniero Agrónomo) -- Universidad Nacional del Sur. Departamento de Agronomía, 2021. 
530 |a Disponible también en línea. 
100 1 |a Velez, Juan Ignacio. 
700 1 |a Pellegrini, Cecilia N.,  |e tutor. 
710 2 |a Universidad Nacional del Sur.  |b Departamento de Agronomía. 
082 0 4 |a 630  |2 20 
650 7 |a Agricultura  |2 agrovoc 
650 7 |a Ganadería  |2 agrovoc 
650 7 |a Administración de empresas agrícolas  |2 unbist 
650 7 |a Agronomía  |x Enseñanza profesional (nivel universitario)  |2 unbist 
650 7 |a Ingeniería agrícola  |x Enseñanza profesional (nivel universitario)  |2 unbist 
653 |a Práctica profesional 
856 4 1 |3 Acceso a texto completo  |u https://repositoriodigital.uns.edu.ar/xmlui/handle/123456789/5775 
859 |a AR-BbBCA  |b BIB. AGRONOMIA  |h 630  |i V436  |p 2021/7176